Regular algebra and finite machines

Na minha lista:
Detalhes bibliográficos
Autor principal: Conway, J.H
Formato: Livro
Idioma:inglês
Publicado em: London Chapman and Hall 1971
Colecção:Mathematics series
Tags: Adicionar Tag
Sem tags, seja o primeiro a adicionar uma tag!

MARC

LEADER 00000nam a2200000 4500
001 c109367
005 20220425093003.8
041 0 |a eng 
044 |a GB 
245 1 0 |a Regular algebra and finite machines  |c J.H. Conway 
264 1 |a London  |b Chapman and Hall  |c 1971 
300 |a 147 s. 
490 1 |a Mathematics series 
830 0 |a Mathematics series 
100 1 |a Conway, J.H.